[Event "EU-ch U20"]
[Site "Tallinn"]
[Date "1997.09.18"]
[Round "9"]
[White "Pandars, Maris"]
[Black "Hunt, Harriet"]
[Result "1-0"]
[WhiteElo "2205"]
[BlackElo "2360"]
[PlyCount "113"]
[EventDate "1997.09.10"]
[EventType "swiss"]
[EventRounds "11"]
[EventCountry "EST"]
[SourceTitle "CBM 059 Extra"]
[Source "ChessBase"]
[SourceDate "1997.09.26"]
[SourceVersion "1"]
[SourceVersionDate "1997.09.26"]
[SourceQuality "1"]

1. e4 c5 2. Nc3 Nc6 3. f4 g6 4. Nf3 Bg7 5. Bb5 Nd4 6. 0-0 Nxb5 7. Nxb5 d5 8. d3 a6 9. Nc3 d4 10. Ne2 e6 11. c4 dxc3 12. bxc3 Ne7 13. Be3 Qc7 14. Rb1 0-0 15. c4 Bd7 16. Ne5 Rfd8 17. Nxd7 Rxd7 18. Qb3 Rad8 19. Rfd1 Nc8 20. e5 g5 21. g3 Ne7 22. Qb6 Qxb6 23. Rxb6 Nc8 24. Rb3 b6 25. a4 a5 26. Kf2 g4 27. h3 h5 28. hxg4 hxg4 29. Nc3 Rxd3 30. Rxd3 Rxd3 31. Ke2 Rd7 32. Ne4 Kh7 33. Nf2 f5 34. exf6 Bxf6 35. Nxg4 Kg6 36. Nxf6 Kxf6 37. g4 Rd6 38. Bf2 Kg6 39. Rd3 Kf7 40. Rxd6 Nxd6 41. Kd3 Ke8 42. Be1 Kd7 43. Bc3 Nc8 44. Bf6 Ke8 45. Be5 Kd7 46. Ke4 Ne7 47. Bf6 Nc8 48. Be5 Ne7 49. Bc3 Nc8 50. g5 Ke7 51. Be5 Kd7 52. g6 Ke7 53. f5 exf5+ 54. Kxf5 b5 55. cxb5 Nb6 56. Bc7 Nxa4 57. Bd6+ 1-0

[Event "EU-ch U20"]
[Site "Tallinn"]
[Date "1997.09.13"]
[Round "4"]
[White "Pandars, Maris"]
[Black "Groetz, Harald"]
[Result "1-0"]
[WhiteElo "2205"]
[BlackElo "2245"]
[PlyCount "77"]
[EventDate "1997.09.10"]
[EventType "swiss"]
[EventRounds "11"]
[EventCountry "EST"]
[SourceTitle "CBM 059 Extra"]
[Source "ChessBase"]
[SourceDate "1997.09.26"]
[SourceVersion "1"]
[SourceVersionDate "1997.09.26"]
[SourceQuality "1"]

1. e4 c5 2. f4 d5 3. Nc3 e6 4. Nf3 Nc6 5. Bb5 Nge7 6. exd5 exd5 7. Qe2 Qd6 8. 0-0 Bg4 9. Bxc6+ Qxc6 10. h3 Bxf3 11. Rxf3 0-0-0 12. Nb5 Qb6 13. a4 a6 14. Na3 Nc6 15. c3 Bd6 16. d3 Rhe8 17. Re3 Rxe3 18. Qxe3 Rd7 19. Nc2 Qb3 20. Qf2 c4 21. d4 Ne7 22. Ne3 Bc7 23. g3 Qb6 24. Ng4 f6 25. Nh2 Qe6 26. Kg2 Nf5 27. Bd2 Nd6 28. Re1 Ne4 29. Qe2 g5 30. Rf1 Qc6 31. Bc1 h6 32. Ng4 h5 33. Nf2 Re7 34. fxg5 Qe8 35. Qf3 Nxg3 36. gxf6 Re1 37. f7 Qxf7 38. Qxf7 Rxf1 39. Qe8+ 1-0